| 000 | 00534nam a22001817a 4500 | ||
|---|---|---|---|
| 005 | 20241028145303.0 | ||
| 010 | _aENG-142464 | ||
| 020 |
_a9789393734235 _c580.00 |
||
| 035 | _aEN-125996 | ||
| 037 | _bDBAD | ||
| 082 | _a230.5 | ||
| 100 |
_aChijioke Okafor _973565 |
||
| 245 | _aThe Sacrifices of the Lord | ||
| 260 |
_aExceller Books _bOkafor Chijioke _c2022 |
||
| 270 |
_aG1,Dream Apartment, Degree College Road ,Belghria _bKolkata _e700056 |
||
| 300 |
_a51p. _c21cm(pbk) |
||
| 942 |
_2ddc _cEN _h230.5 _mCHI _e2022 |
||
| 999 |
_c206811 _d206811 |
||